000 00881nam a2200229 a 4500
001 48555
003 BD-RjUL
005 20211209054538.0
008 160814s1976 ii ||||| |||| 00| 0 ben d
020 _c: Tk. 20.00
035 _a(BD-RjUL)48674
040 _aBD-RjUL
_bben
_cBD-RjUL
041 _aben
082 _223
_a891.4409
_bLAV 1976
100 1 _aলাহিড়ী, শিপ্রা
_9146729
245 1 0 _aভূদেব মুখোপাধ্যায় ও বাংলা সাহিত্য /
260 _aকলিকাতা :
_bকবি ও কবিতা প্রকাশন,
_c১৯৭৬
300 _a২৬০ পৃ. ;
_c২২ সেমি.
650 _aবাংলা সাহিত্য
_vইতিহাস ও সমালোচনা
_9117445
650 _aBengali Literature
_vHistory and Criticism
_9146730
942 _2ddc
_cBK
999 _c48555
_d48555